| 000 | 02555nam a2200421Ia 4500 | ||
|---|---|---|---|
| 001 | ebr10231570 | ||
| 003 | CaPaEBR | ||
| 006 | m u | ||
| 007 | cr cn||||||||| | ||
| 008 | 080123s2008 dcuab sb i101 0 eng d | ||
| 010 | _z 2008002699 | ||
| 020 | _z0821373803 | ||
| 020 | _z9780821373804 | ||
| 020 | _z9780821373811 (ebook) | ||
| 040 |
_aCaPaEBR _cCaPaEBR |
||
| 035 | _a(OCoLC)320325803 | ||
| 050 | 1 | 4 |
_aHC59.72.E5 _bS393 2008eb |
| 245 | 0 | 0 |
_aScience, technology, and innovation _h[electronic resource] : _bcapacity building for sustainable growth and poverty reduction / _cedited by Alfred Watkins, Michael Ehst. |
| 246 | 3 | 0 | _aCapacity building for sustainable growth |
| 260 |
_aWashington, D.C. : _bWorld Bank, _cc2008. |
||
| 300 |
_axxii, 211 p. : _bill., map. |
||
| 490 | 1 | _aDirections in development. Science, technology, and innovation | |
| 500 | _aReport based on The Global Forum on Building Science, Technology and Innovation Capacity for Sustainable Growth and Poverty Reduction, held in Washington, D.C. on February 13-15, 2007, and sponsored by The World Bank in cooperation with the Canadian International Development Agency (CIDA), the United Kingdom's Department for International Development (DFID), the Global Research Alliance (GRA), the Inter-American Development Bank (IDB), the Science Initiative Group (SIG), the United Nations Conference on Trade and Development (UNCTAD), and the United Nations Educational, Scientific and Cultural Organization (UNESCO). | ||
| 504 | _aIncludes bibliographical references (p. 195-199) and index. | ||
| 533 |
_aElectronic reproduction. _bPalo Alto, Calif. : _cebrary, _d2011. _nAvailable via World Wide Web. _nAccess may be limited to ebrary affiliated libraries. |
||
| 650 | 0 |
_aResearch, Industrial _zDeveloping countries _vCongresses. |
|
| 650 | 0 |
_aScience _xStudy and teaching _zDeveloping countries _vCongresses. |
|
| 650 | 0 |
_aScience _xStudy and teaching _zDeveloping countries. |
|
| 650 | 0 |
_aSustainable development _zDeveloping countries _vCongresses. |
|
| 650 | 0 |
_aTechnical assistance _zDeveloping countries _vCongresses. |
|
| 650 | 0 |
_aTechnological innovations _zDeveloping countries _vCongresses. |
|
| 655 | 7 |
_aElectronic books. _2local |
|
| 700 | 1 | _aEhst, Michael. | |
| 700 | 1 | _aWatkins, Alfred J. | |
| 710 | 2 | _aebrary, Inc. | |
| 830 | 0 |
_aDirections in development (Washington, D.C.). _pScience, technology, and innovation. |
|
| 856 | 4 | 0 |
_uhttp://site.ebrary.com/lib/rucke/Doc?id=10231570 _zAn electronic book accessible through the World Wide Web; click to view |
| 999 |
_c40132 _d40132 |
||